Регионална библиотека "Любен Каравелов" - Русе

За рибарите, рибата и още нещо... (Запис номер 45989)

MARC детайли
000 -Лидер
Контролно поле с фиксирана дължина 01121nam a2200301 c 4500
003 - Код на организацията, давaща контролен номер
Контролно поле BLK
005 - Дата и час на последна редакция
Контролно поле 20180420221708.0
008 - Елементи от данни с фиксирана дължина
fixed length control field 180408b bul|||||r ||||||| ||bul||
010 ## - Наследен системен номер
LC control number KNG00049791000
020 ## - Международен стандартен номер на книга ISBN
Международен стандартен номер на книга ISBN 954-9600-07-6
-- издат.: ДА
040 ## - Източник на каталожния запис
Идентификатор на билиотеката - собственик на записа BLK
041 ## - Код за език
Код за езика на текст/звукозапис или на отделно заглавие Български
Код за езика КДБФ Български
072 #7 - Код за тематичната категория
Код организация bullib
Код за тематична категория Я
Текст Автографи
080 ## - УДК
Текстов определител УДК Българска литература
УДК код - определител по УДК 821.163.2
УДК определител -32
УДК - код + определител 821.163.2-32
139 ## - Редно поле
Редна дума За рибарите, рибата и още нещо...
Авторски знак З - З 11
245 10 - Сведения за заглавието
Заглавие За рибарите, рибата и още нещо...
Подзаглавни данни Или истината за риболова в разкази и истории
Редно поле (дума) състав. Любомир Енчев Антонов.
257 ## - Страна на издаване
Страна на създаване/издаване България
260 ## - Област на издателските данни
-- София
Име на издателя, разпространителя и проч. ДА
Година на издаване 2005
Печатница София : Инвестпрес
300 ## - Физическа характеристика
Страници 142 с.
Размери/Мащаб 21 см
380 ## - Жанр
Жанр Худож. лит.
659 ## - Тематичен бюлетин
Тематичен бюлетин Я
700 1# - Други автори (авторска отговорност)
Лично име Антонов, Любомир Енчев
Автороска отговорност (Описва отношението между автора и произведението) състав.
9 (RLIN) 280570
852 ## - Местоположение
Форматна сигнатура Цб 223610
856 4# - Електронен адрес и достъп
Електронен формат pdf - файл
Път до файла /url/
856 4# - Електронен адрес и достъп
Електронен формат pdf - файл
Път до файла /url/
942 ## - АРТИКУЛИ
Вид на библиотечния материал Книги
Скрит в OPAC Не
944 ## - СЪЗДАВАНЕ И РЕДАКЦИЯ на ЗАПИСА
Създаване/Редакция Създаване
Дата на регистрацията/редакция 04.05.2005
Служител, извършил регистрацията/редакцията Ренета_Константинова
944 ## - СЪЗДАВАНЕ И РЕДАКЦИЯ на ЗАПИСА
Създаване/Редакция Редакция
Дата на регистрацията/редакция 08.06.2012
Служител, извършил регистрацията/редакцията
999 ## - СИСТЕМНИ КОНТРОЛНИ НОМЕРА
Koha biblionumber 45989
Koha biblioitemnumber 45989
Наличности
Код за отписване Код за изгубен артикул Код за повреда Коз за рестрикции Код за отдаване Артикулен № Име на библиотеката - собственик Име на библиотеката, в която се намира в момента Статус (Текущо местоположение) Дата на вписване в системата Местоположение - отдел Цена в лева Номерация (Хронология) Инвентарен номер Систематично азбучна сигнатура Баркод Номер на екземпляра Цена в евро Служебна бележка Служебен тип на артикула
  Не е изгубен Не е повреден без рестрикции ползва се в читалня 72493 Регионална библиотека "Любен Каравелов" Русе Регионална библиотека "Любен Каравелов" Русе Хранилище 2005-05-04 Основен фонд - ползва се само за читалня 5.00 Автограф: Любомир Енчев Антонов 120000693728 Цб 223610 120000693728 1 2.56 Дост: DA Вид: А N: 12 Дата: 03.05.2005 Книги
  Не е изгубен Не е повреден без рестрикции заемане за дома 72494 Регионална библиотека "Любен Каравелов" Русе Регионална библиотека "Любен Каравелов" Русе Заемна - подръчен фонд 2005-05-04 Заемна - подръчен фонд 5.00 Автограф: Любомир Енчев Антонов 120000693729 П 886.7-32/З 11 120000693729 2 2.56 Дост: DA Вид: А N: 12 Дата: 03.05.2005 Дата инв: 13.02.2018 Бележки инв: П2018 Книги
Vip Innovations Ltd, Rousse, Bulgaria 2025